书目信息 |
| 题名: |
现代推销理论与实务
|
|
| 作者: | 吴金法 主编 | |
| 分册: | ||
| 出版信息: | 大连 东北财经大学出版社 2002.05 |
|
| 页数: | 200页 | |
| 开本: | 23cm | |
| 丛书名: | ||
| 单 册: | ||
| 中图分类: | F713.3 | |
| 科图分类: | ||
| 主题词: | 推销--高等教育--教材 | |
| 电子资源: | ||
| ISBN: | 7-81084-026-6 | |
| 000 | 00868nam0 2200241 450 | |
| 001 | 0161580097 | |
| 005 | 20050915095113.35 | |
| 010 | @a7-81084-026-6@dCNY19.00 | |
| 100 | @a20030627d2002 km y0chiy0120 ea | |
| 101 | 0 | @achi |
| 102 | @aCN@b210000 | |
| 105 | @ay z 000yy | |
| 200 | 1 | @a现代推销理论与实务@Axian dai tui xiao li lun yu shi wu@f吴金法主编@Fwu jin fa zhu bian |
| 210 | @a大连@c东北财经大学出版社@d2002.05 | |
| 215 | @a200页@d23cm | |
| 304 | @a中国高等院校市场学研究会规划 中国高等院校市场学研究会组编。 | |
| 330 | @a本书包括推销概论、推销理论与推销模式、寻找顾客、推销接近、推销洽谈、顾客异议的处理、成交、推销管理等8章内容。 | |
| 333 | @a高职高专市场营销专业教材新系 21世纪新概念教材 | |
| 606 | 0 | @a推销@x高等教育@j教材 |
| 690 | @aF713.3@v4 | |
| 701 | 0 | @a吴金法@Awu jin fa@4主编 |
| 801 | 0 | @aCN@bQSSK@c20050915 |
| 905 | @a10447@dF713.3@eW801 | |
| 现代推销理论与实务/吴金法主编.-大连:东北财经大学出版社,2002.05 |
| 200页;23cm |
| 使用对象:高职高专市场营销专业教材新系 21世纪新概念教材 |
| ISBN 7-81084-026-6:CNY19.00 |
| 本书包括推销概论、推销理论与推销模式、寻找顾客、推销接近、推销洽谈、顾客异议的处理、成交、推销管理等8章内容。 |
| ● |
| 相关链接 |
|
|
|
正题名:现代推销理论与实务
索取号:F713.3/W801
 
预约/预借
| 序号 | 登录号 | 条形码 | 馆藏地/架位号 | 状态 | 备注 |
| 1 | 564448 | 205644481 | 社科二线422/409社科库 42排4列2层/ [索取号:F713.3/W801] | 在馆 | |
| 2 | 564449 | 205644490 | 社科库409/409社科库 41排3列2层/ [索取号:F713.3/W801] | 在馆 | |
| 3 | 564450 | 205644506 | 社科库409/409社科库 41排3列2层/ [索取号:F713.3/W801] | 在馆 |